000 00631nam a22002177a 4500
003 OSt
005 20210414102210.0
008 210311s1994 ||||| |||| 00| 0 eng d
020 _a0586046526
040 _aeng
_beng
_cDLC
041 _aeng
080 _a821.111
_bK-61
100 _91387
_aKnight, Stephen
245 _aJack the Ripper / The Final Solution
_c/ by: Harper Collins Publishers
260 _aLondon
_bHarper Collins Publishers
_c1976
300 _a288 p.
_bill.
365 _b6.99 gbp
650 0 _9254
_aEnglish literature
653 _aინგლისური ლიტერატურა
942 _2udc
_cBK
999 _c2160
_d2160